Môi trường và những vấn đề cần quan tâm
Bewaard in:
| Hoofdauteur: | |
|---|---|
| Formaat: | Boek |
| Taal: | Undetermined |
| Gepubliceerd in: |
Thanh Hóa
Nhà xuất bản Thanh Hóa
2004
|
| Onderwerpen: | |
| Tags: |
Voeg label toe
Geen labels, Wees de eerste die dit record labelt!
|
| Thư viện lưu trữ: | Trung tâm Học liệu Trường Đại học Cần Thơ |
|---|
| LEADER | 00572nam a2200193Ia 4500 | ||
|---|---|---|---|
| 001 | CTU_74460 | ||
| 008 | 210402s9999 xx 000 0 und d | ||
| 020 | |c 32000 | ||
| 082 | |a 628 | ||
| 082 | |b H556 | ||
| 100 | |a Giáp, Kiều Hưng | ||
| 245 | 0 | |a Môi trường và những vấn đề cần quan tâm | |
| 245 | 0 | |c Giáp Kiều Hưng | |
| 260 | |a Thanh Hóa | ||
| 260 | |b Nhà xuất bản Thanh Hóa | ||
| 260 | |c 2004 | ||
| 650 | |a Environmental protection | ||
| 904 | |i Năm | ||
| 980 | |a Trung tâm Học liệu Trường Đại học Cần Thơ | ||